000 01802nac a22003495a 4500
003 EG-ScBUE
005 20211028094657.0
008 171127s1998 mr f b 000 0 ara d
017 _a1998 / 1037
020 _a9981261564
040 _aEG-ScBUE
_bara
_erda
_cEG-ScBUE
_dEG-ScBUE
041 1 _aara
_aeng
_afre
_hara
082 0 4 _a297.28
_bت و ي
_222
100 1 _aالتويجري، عبد العزيز بن عثمان،
_eمؤلف.
245 1 2 _aالإسلام والتعايش بين الأديان في أفق القرن الحادي والعشرين /
_cد. عبد العزيز بن عثمان التويجري، المدير العام للمنظمة الإسلامية للتربية والعلوم والثقافة - إيسيسكو.
246 3 5 _aIslam and inter-religious coexistence on the threshold of the 21st century
246 3 5 _aL'Islam et la coexistence des religions à l'horizon du vingt et unieme siècle
264 1 _a[الرباط] :
_bمنشورات المنظمة الإسلامية للتربية والعلوم والثقافة (إيسيسكو)،
_c1998.
300 _a1 مجلد (متعدد الترقيم) ؛
_c20 سم
336 _2rdacontent
_aنص
_btxt
337 _2rdamedia
_aبدون وسيط
_bn
338 _2rdacarrier
_aمجلد
_bnc
504 _aيشتمل على إرجاعات ببليوجرافية.
541 _cDonations ;
_aBibliotheca Alexandrina.
546 _aالنص باللغة الإنجليزية والفرنسية والعربية مترجم من اللغة العربية الأصلية.
650 7 _aالإسلام والديانات الأخرى.
_2BUEsh
_917274
650 7 _aالديانات المقارنة.
_2BUEsh
_915257
651 _2BUEsh
653 _bGGEN
_cNovember2017
655 _vReading book
_934232
942 _2ddc
999 _c3473
_d3473